The recruitment of people with higher educational qualifications into the police service (Record no. 493938)

000 -LEADER
fixed length control field 00388cam a22001097a 4500
008 - FIXED-LENGTH DATA ELEMENTS--GENERAL INFORMATION
fixed length control field 180718b1967 xxu||||| |||| 00| 0 eng d
082 ## - DEWEY DECIMAL CLASSIFICATION NUMBER
Classification number N406x42 Un3
245 ## - TITLE STATEMENT
Title The recruitment of people with higher educational qualifications into the police service
Statement of responsibility, etc. by Her Majesty's Stationery Office
260 ## - PUBLICATION, DISTRIBUTION, ETC.
Place of publication, distribution, etc. London
Name of publisher, distributor, etc. The author
Date of publication, distribution, etc. 1967
300 ## - PHYSICAL DESCRIPTION
Extent 31p.
700 ## - ADDED ENTRY--PERSONAL NAME
Personal name Her Majesty's Stationery Office
Holdings
Withdrawn status Lost status Damaged status Not for loan Permanent Location Current Location Date acquired Full call number Barcode Date last seen Price effective from Koha item type
        Indian Institute of Public Administration Indian Institute of Public Administration 2018-08-04 N406x42 Un3 G8477 2018-08-04 2018-08-04 G

Powered by Koha